header

Narrative as virtual reality (Record no. 10328)

MARC details
000 -LEADER
fixed length control field 01361nam a2200349Ia 4500
082 04 - DEWEY DECIMAL CLASSIFICATION NUMBER
Classification number 028/.9
100 1# - MAIN ENTRY--AUTHOR NAME
Personal name Ryan, Marie-Laure,
245 10 - TITLE STATEMENT
Title Narrative as virtual reality
260 ## - PUBLICATION, DISTRIBUTION, ETC. (IMPRINT)
Place of publication Baltimore :
Name of publisher Johns Hopkins University Press,
Year of publication 2001.
300 ## - PHYSICAL DESCRIPTION
Number of Pages xiii, 399 p. :
Other physical details ill.
490 1# - SERIES STATEMENT
Series statement Parallax
650 #0 - SUBJECT ADDED ENTRY--TOPICAL TERM
Topical Term Books and reading.
Topical Term Interactive multimedia.
Topical Term Virtual reality.
856 40 - ELECTRONIC LOCATION AND ACCESS
Uniform Resource Identifier http://site.ebrary.com/lib/rucke/Doc?id=10021635

No items available.

© 2026 Rongo University
Contact us: librarian | system librarian | Rongo university